[Event "Prague op-A 19th"]
[Site "Prague"]
[Date "2020.01.13"]
[Round "5"]
[White "Kristiansen, Willy"]
[Black "Lalic, Bogdan"]
[Result "0-1"]
[WhiteElo "2137"]
[BlackElo "2402"]
[PlyCount "54"]
[EventDate "2020.01.10"]
[EventType "swiss"]
[EventRounds "9"]
[EventCountry "CZE"]
[SourceTitle "CBM 194 Extra"]
[Source "ChessBase"]
[SourceDate "2020.03.31"]
[SourceVersion "1"]
[SourceVersionDate "2020.03.31"]
[SourceQuality "1"]

1. d4 Nf6 2. c4 e6 3. g3 c5 4. d5 exd5 5. cxd5 d6 6. Nc3 g6 7. Bg2 Bg7 8. Nf3 0-0 9. 0-0 Re8 10. Bf4 h6 11. a4 g5 12. Bd2 Bf5 13. h4 g4 14. Nh2 Nbd7 15. Re1 Ne5 16. e4 Bg6 17. Bf4 h5 18. Bxe5 Rxe5 19. f4 gxf3 20. Nxf3 Rxe4 21. Nxe4 Nxe4 22. Ne5 Nxg3 23. Nxg6 fxg6 24. Ra3 Qxh4 25. Bf3 Rf8 26. Kg2 Qg5 27. Kh3 Rf4 0-1

[Event "Trondheim Brokstads Memorial"]
[Site "Trondheim"]
[Date "2019.11.24"]
[Round "6"]
[White "Kristiansen, Willy"]
[Black "Unneland, Mathias"]
[Result "0-1"]
[WhiteElo "2142"]
[BlackElo "2029"]
[PlyCount "94"]
[EventDate "2019.11.22"]
[EventType "swiss"]
[EventRounds "7"]
[EventCountry "NOR"]
[SourceTitle "EXT 2021"]
[Source "ChessBase"]
[SourceDate "2020.10.23"]
[SourceVersion "1"]
[SourceVersionDate "2020.10.23"]
[SourceQuality "1"]

1. d4 Nf6 2. c4 e6 3. g3 d5 4. Nf3 dxc4 5. Bg2 a6 6. 0-0 Nc6 7. e3 Rb8 8. Nfd2 e5 9. Bxc6+ bxc6 10. dxe5 Ng4 11. Nxc4 Be6 12. Nbd2 Bb4 13. Qc2 h5 14. f3 Bxd2 15. Rd1 h4 16. Rxd2 Qg5 17. Rg2 Nxh2 18. Rxh2 Qxg3+ 19. Rg2 Qxf3 20. e4 h3 21. Rf2 Qg3+ 22. Kh1 Bxc4 23. Bf4 Qd3 24. Rd1 Qxc2 25. Rxc2 Rh4 26. Rxc4 Rxf4 27. Rxc6 Rxe4 28. Rxc7 Rxe5 29. b3 g5 30. Rf1 Re7 31. Rc5 Rb5 32. Rc4 f5 33. Rc6 a5 34. Rf6 Rf7 35. Re6+ Kf8 36. Rg6 g4 37. Rc1 Rd7 38. Rf1 Rg7 39. Rf6+ Kg8 40. R6xf5 Rxf5 41. Rxf5 g3 42. Rh5 g2+ 43. Kg1 Rg3 44. a3 Rxb3 45. Rg5+ Kf7 46. a4 Rb1+ 47. Kh2 Rh1+ 0-1

[Event "Trondheim Brokstads Memorial"]
[Site "Trondheim"]
[Date "2019.11.23"]
[Round "4"]
[White "Kristiansen, Willy"]
[Black "Soderstrom, Adrian"]
[Result "1-0"]
[WhiteElo "2142"]
[BlackElo "1999"]
[PlyCount "67"]
[EventDate "2019.11.22"]
[EventType "swiss"]
[EventRounds "7"]
[EventCountry "NOR"]
[SourceTitle "EXT 2021"]
[Source "ChessBase"]
[SourceDate "2020.10.23"]
[SourceVersion "1"]
[SourceVersionDate "2020.10.23"]
[SourceQuality "1"]

1. d4 Nf6 2. c4 g6 3. g3 Bg7 4. Bg2 0-0 5. Nc3 d6 6. Nf3 Nc6 7. 0-0 e5 8. d5 Nb8 9. e4 a5 10. Ne1 Na6 11. h3 Nd7 12. Be3 f5 13. Nd3 b6 14. Qd2 Ndc5 15. Nxc5 Nxc5 16. f3 f4 17. gxf4 Qh4 18. fxe5 Bxe5 19. f4 Bxc3 20. Qxc3 Bxh3 21. Bf2 Nxe4 22. Qxh3 Qxh3 23. Bxh3 h5 24. Be6+ Kh7 25. Be3 a4 26. f5 g5 27. Kg2 a3 28. b3 h4 29. Kh3 Kh6 30. Rg1 Ng3 31. Rxg3 hxg3 32. Kxg3 b5 33. Bd4 g4 34. Kf4 1-0

[Event "Prague op-A 18th"]
[Site "Prague"]
[Date "2019.01.14"]
[Round "5"]
[White "Bhakti, Kulkarni"]
[Black "Kristiansen, Willy"]
[Result "1/2-1/2"]
[WhiteElo "2303"]
[BlackElo "2060"]
[PlyCount "53"]
[EventDate "2019.01.11"]
[EventType "swiss"]
[EventRounds "9"]
[EventCountry "CZE"]
[SourceTitle "CBM 188 Extra"]
[Source "ChessBase"]
[SourceDate "2019.02.26"]
[SourceVersion "1"]
[SourceVersionDate "2019.02.26"]
[SourceQuality "1"]

1. Nf3 d5 2. c4 e6 3. e3 Nf6 4. d4 Be7 5. Nc3 0-0 6. Bd3 dxc4 7. Bxc4 c5 8. 0-0 a6 9. dxc5 Bxc5 10. a3 b5 11. Ba2 Bb7 12. b4 Qxd1 13. Rxd1 Bxf3 14. gxf3 Be7 15. Bb2 Nbd7 16. Ne4 Rac8 17. Rac1 Rfd8 18. Bd4 Kf8 19. Kf1 Ke8 20. Ke2 Nxe4 21. fxe4 Bf6 22. f3 Rxc1 23. Rxc1 Ra8 24. Bb3 a5 25. Rc7 axb4 26. axb4 Be7 27. Bxg7 1/2-1/2

[Event "Helsingor Xtracon op"]
[Site "Helsingor"]
[Date "2017.07.24"]
[Round "4"]
[White "Stojanovski, Sandi"]
[Black "Kristiansen, Willy"]
[Result "1/2-1/2"]
[WhiteElo "2268"]
[BlackElo "2041"]
[PlyCount "129"]
[EventDate "2017.07.22"]
[EventType "swiss"]
[EventRounds "10"]
[EventCountry "DEN"]
[SourceTitle "CBM 179 Extra"]
[Source "ChessBase"]
[SourceDate "2017.08.23"]
[SourceVersion "1"]
[SourceVersionDate "2017.08.23"]
[SourceQuality "1"]

1. c4 e6 2. g3 d5 3. Bg2 Nf6 4. Nf3 Be7 5. d4 0-0 6. 0-0 dxc4 7. Qa4 a6 8. Qxc4 b5 9. Qc2 Bb7 10. Bf4 Nc6 11. Nc3 Nb4 12. Qc1 Nfd5 13. Nxd5 Nxd5 14. Ne5 c5 15. dxc5 Nxf4 16. Qxf4 Bxg2 17. Kxg2 Qd5+ 18. Kg1 g5 19. Qe3 Qxc5 20. Qxc5 Bxc5 21. Rfd1 Rfd8 22. e3 f6 23. Nc6 Rxd1+ 24. Rxd1 Rc8 25. Nd8 e5 26. Rd7 Be7 27. Rxe7 Rxd8 28. Re6 Kf7 29. Rxa6 Rd2 30. b3 g4 31. Ra5 Rb2 32. Rxb5 Rxa2 33. Rb8 Ra1+ 34. Kg2 Rb1 35. b4 Kg7 36. b5 h5 37. b6 e4 38. h3 Kg6 39. hxg4 hxg4 40. b7 Kf5 41. Kh2 Rb2 42. Kg1 Rb1+ 43. Kg2 Rb2 44. Kf1 Rb1+ 45. Ke2 Rb2+ 46. Kd1 Rb1+ 47. Kc2 Rb4 48. Kc3 Rb1 49. Kc4 Re1 50. Kd5 Rd1+ 51. Kc6 Rc1+ 52. Kd6 Rd1+ 53. Ke7 Rb1 54. Kf7 Rb2 55. Kg7 Rb1 56. Kf8 Rb2 57. Kf7 Rb3 58. Kg7 Rb1 59. Rf8 Rxb7+ 60. Rf7 Rb6 61. Kh6 Rb2 62. Kg7 Rb6 63. Re7 Rb2 64. Rf7 Rb6 65. Re7 1/2-1/2

[Event "Helsingor Xtracon op"]
[Site "Helsingor"]
[Date "2017.07.23"]
[Round "2"]
[White "Rosen, Eric S"]
[Black "Kristiansen, Willy"]
[Result "1-0"]
[WhiteElo "2369"]
[BlackElo "2041"]
[PlyCount "109"]
[EventDate "2017.07.22"]
[EventType "swiss"]
[EventRounds "10"]
[EventCountry "DEN"]
[SourceTitle "CBM 179 Extra"]
[Source "ChessBase"]
[SourceDate "2017.08.23"]
[SourceVersion "1"]
[SourceVersionDate "2017.08.23"]
[SourceQuality "1"]

1. d4 d5 2. Bf4 Nf6 3. e3 c5 4. Nf3 Nc6 5. Nbd2 cxd4 6. exd4 Bf5 7. c3 e6 8. Qb3 Qc8 9. Nh4 Be4 10. f3 Bg6 11. g4 Be7 12. Nxg6 hxg6 13. h4 Qd7 14. 0-0-0 0-0-0 15. Bb5 Ne8 16. Qa4 Nc7 17. Bxc6 Qxc6 18. Qxc6 bxc6 19. Bg3 c5 20. Nb3 c4 21. Na5 Kd7 22. b3 cxb3 23. axb3 Nb5 24. Kb2 Rc8 25. Be1 Ba3+ 26. Ka2 Be7 27. c4 Na3 28. c5 Nc2 29. Bc3 Rxh4 30. Rxh4 Bxh4 31. Rh1 Bf6 32. Kb2 Nxd4 33. g5 Be5 34. f4 Bxf4 35. Bxd4 e5 36. c6+ Ke6 37. Bxa7 Bd2 38. Nb7 Bxg5 39. Rg1 Be7 40. Rc1 f5 41. c7 f4 42. Nc5+ Bxc5 43. Rxc5 f3 44. Bb6 g5 45. Rc6+ Kf5 46. Bf2 g4 47. b4 Kf4 48. b5 g3 49. Bxg3+ Kxg3 50. b6 f2 51. Rc1 Kg2 52. b7 Rxc7 53. Rxc7 f1Q 54. b8Q Qf6 55. Rc2+ 1-0

[Event "NOR-ch Mester"]
[Site "Stavanger"]
[Date "2017.07.05"]
[Round "6"]
[White "Kristiansen, Willy"]
[Black "Moen, Ole Christian"]
[Result "0-1"]
[WhiteElo "2041"]
[BlackElo "2191"]
[PlyCount "76"]
[EventDate "2017.07.01"]
[EventType "swiss"]
[EventRounds "9"]
[EventCountry "NOR"]
[SourceTitle "EXT 2018"]
[Source "ChessBase"]
[SourceDate "2017.10.13"]
[SourceVersion "1"]
[SourceVersionDate "2017.10.13"]
[SourceQuality "1"]

1. d4 Nf6 2. c4 g6 3. g3 Bg7 4. Bg2 0-0 5. Nc3 c5 6. d5 e5 7. e4 d6 8. Nge2 a6 9. 0-0 Bd7 10. a4 Qc8 11. f4 Nh5 12. Be3 Bh3 13. Qd2 Bxg2 14. Kxg2 exf4 15. Nxf4 Qg4 16. Nxh5 Qxh5 17. Bg5 Be5 18. Bh6 Re8 19. h3 Nd7 20. g4 Qh4 21. Ne2 f6 22. Be3 Kg7 23. Bf2 Qh6 24. Be3 g5 25. Rf5 Nf8 26. Raf1 Ng6 27. Rxe5 Rxe5 28. Ng3 Nh4+ 29. Kh2 Kg8 30. Qa5 Qg6 31. Nh5 Rf8 32. Qc7 Rxe4 33. Qxd6 Rxe3 34. Nxf6+ Rxf6 35. Qxf6 Re2+ 36. Kg1 Rg2+ 37. Kh1 Qxf6 38. Rxf6 Rxb2 0-1

[Event "Fagernes Norsk op"]
[Site "Fagernes"]
[Date "2013.03.24"]
[Round "1"]
[White "Turov, Maxim"]
[Black "Kristiansen, Willy"]
[Result "1-0"]
[WhiteElo "2599"]
[BlackElo "2011"]
[PlyCount "101"]
[EventDate "2013.03.24"]
[EventType "swiss"]
[EventRounds "9"]
[EventCountry "NOR"]
[SourceTitle "CBM 153 Extra"]
[Source "ChessBase"]
[SourceDate "2013.04.22"]
[SourceVersion "1"]
[SourceVersionDate "2013.04.22"]
[SourceQuality "1"]

1. c4 e6 2. Nc3 d5 3. d4 Nf6 4. cxd5 exd5 5. Bg5 c6 6. e3 Bf5 7. Qf3 Bg6 8. Bxf6 Qxf6 9. Qxf6 gxf6 10. Kd2 Nd7 11. Bd3 Nb6 12. b3 Bb4 13. a3 Bxc3+ 14. Kxc3 a5 15. a4 Nc8 16. Ne2 Nd6 17. Nf4 Ke7 18. f3 Rhe8 19. Rhe1 Bxd3 20. Kxd3 f5 21. h3 f6 22. Rac1 Kf7 23. g4 Re7 24. Re2 Rae8 25. Rc5 Ra8 26. Re1 h6 27. Re2 Ree8 28. gxf5 Rg8 29. Rg2 Rxg2 30. Nxg2 Nxf5 31. e4 Rg8 32. exf5 Rxg2 33. Rxa5 Rf2 34. Ra7 Rxf3+ 35. Kc2 Rxf5 36. Rxb7+ Ke6 37. a5 Rf2+ 38. Kb1 Rf1+ 39. Kb2 Rf2+ 40. Ka3 Rf1 41. Kb4 Kd6 42. Rf7 Rf4 43. a6 Rxd4+ 44. Ka5 Rd1 45. Rxf6+ Kc7 46. Rf7+ Kd6 47. a7 Kc5 48. Rf4 d4 49. Rf5+ Kd6 50. Kb6 Ra1 51. Ra5 1-0

[Event "Budapest FS10 FM-A Double"]
[Site "Budapest"]
[Date "2011.10.06"]
[Round "6"]
[White "Kristiansen, Willy"]
[Black "Borda, Lajos"]
[Result "0-1"]
[WhiteElo "2030"]
[BlackElo "2100"]
[PlyCount "143"]
[EventDate "2011.10.01"]
[EventType "tourn"]
[EventRounds "10"]
[EventCountry "HUN"]
[SourceTitle "CBM 144 Extra"]
[Source "ChessBase"]
[SourceDate "2011.10.28"]
[SourceVersion "1"]
[SourceVersionDate "2011.10.28"]
[SourceQuality "1"]

1. Nf3 d5 2. d4 e6 3. c4 c6 4. Nc3 Nf6 5. Bg5 Be7 6. e3 Nbd7 7. Rc1 h6 8. Bh4 0-0 9. Bd3 dxc4 10. Bxc4 Nd5 11. Bxe7 Qxe7 12. 0-0 N5b6 13. Bb3 Rd8 14. Qe2 e5 15. Nxe5 Nxe5 16. dxe5 Qxe5 17. f4 Qe7 18. f5 Re8 19. Rce1 Nd7 20. e4 Qf6 21. Kh1 Ne5 22. Qh5 b6 23. h4 Ba6 24. Rg1 Kh7 25. g4 g6 26. Qxh6+ Kxh6 27. g5+ Kg7 28. gxf6+ Kxf6 29. fxg6 fxg6 30. Rg2 Rh8 31. Rf2+ Ke7 32. Rf4 Raf8 33. Rxf8 Kxf8 34. Kg2 Rxh4 35. Rd1 Ke7 36. Kg3 Rg4+ 37. Kf2 Rf4+ 38. Kg2 Bd3 39. Kg3 g5 40. Rh1 Rg4+ 41. Kf2 Rh4 42. Rg1 Rh2+ 43. Rg2 Rxg2+ 44. Kxg2 Kd6 45. Kf2 Ng4+ 46. Kf3 Ne5+ 47. Ke3 Ba6 48. Nd1 Bc4 49. Bc2 a5 50. b3 Bf7 51. Nf2 Be6 52. Kd4 c5+ 53. Kc3 g4 54. Nh1 Nf3 55. a3 Ke5 56. b4 axb4+ 57. axb4 Kf4 58. bxc5 bxc5 59. Bd3 Ng5 60. Be2 Nxe4+ 61. Kd3 g3 62. Nxg3 Nxg3 63. Bd1 Ke5 64. Ba4 Ne4 65. Bb5 Nd6 66. Bc6 c4+ 67. Kc3 Ne4+ 68. Kc2 Kd4 69. Bb5 c3 70. Be8 Nc5 71. Bg6 Bb3+ 72. Kc1 0-1

[Event "Budapest FS10 FM-A Double"]
[Site "Budapest"]
[Date "2011.10.03"]
[Round "3"]
[White "Tessedik, Karoly"]
[Black "Kristiansen, Willy"]
[Result "0-1"]
[WhiteElo "1864"]
[BlackElo "2030"]
[PlyCount "40"]
[EventDate "2011.10.01"]
[EventType "tourn"]
[EventRounds "10"]
[EventCountry "HUN"]
[SourceTitle "CBM 144 Extra"]
[Source "ChessBase"]
[SourceDate "2011.10.28"]
[SourceVersion "1"]
[SourceVersionDate "2011.10.28"]
[SourceQuality "1"]

1. d4 Nf6 2. c4 e6 3. Nc3 Bb4 4. Qc2 0-0 5. Nf3 c5 6. a3 Bxc3+ 7. Qxc3 cxd4 8. Nxd4 d5 9. e3 b6 10. Nf3 Ba6 11. b4 Qc7 12. Bb2 Rc8 13. Rc1 dxc4 14. Nd2 b5 15. h4 Nbd7 16. h5 e5 17. h6 Nd5 18. Qc2 c3 19. hxg7 N7f6 20. Ne4 cxb2 0-1